Statistics for My 10 favourite French politicians (April 2023)

Click here to take the quiz!

General Stats

  • This quiz has been taken 13 times
  • The average score is 7 of 10

Answer Stats

Answer% Correct
Jean-Luc Mélenchon
100%
Pap N'Diaye
83%
Clémentine Autain
67%
François Ruffin
67%
Jean Castex
67%
Olivier Faure
67%
Rachida Dati
67%
Aurélien Pradié
58%
Clément Beaune
58%
Jérôme Guedj
42%

Score Distribution

Percentile by Number Answered

Percent of People with Each Score

Your Score History

You have not taken this quiz